Vehicular way over common land (Record no. 69965)

MARC details
000 -LEADER
fixed length control field 01410cam a2200241 4500
001 - CONTROL NUMBER
control field WB3813-21
008 - FIXED-LENGTH DATA ELEMENTS--GENERAL INFORMATION
fixed length control field 020411n2002 000 0 eng u
035 ## - SYSTEM CONTROL NUMBER
System control number (Sirsi) u117440
245 ## - TITLE STATEMENT
Title Vehicular way over common land
260 ## - PUBLICATION, DISTRIBUTION, ETC.
Date of publication, distribution, etc. 2002
490 ## - SERIES STATEMENT
Series statement Estates Gazette Case Summaries
Volume/sequential designation [2002] 14 EG 124 (CS) (6/4/02)
490 ## - SERIES STATEMENT
Series statement Journal of Planning and Environment Law
Volume/sequential designation [2003] JPL 75-82(9)
520 ## - SUMMARY, ETC.
Summary, etc. "Bakewell Management Ltd v Brandwood and others" ([2002] EWHC 472 (Ch), 21 March 2002). The claimant company (X) executed a deed acquired in 1986 that prohibited any person from drawing or driving any vehicle on their common in line with the Law of Property Act 1925 s193. The defendant householders (Y) who had enjoyed full access for over 20 years rejected X's assertion that they would now need X'sauthorisation on the grounds that they all had an easement of way acquired under the Prescription Act 1837 and/or the doctrine of lost modern grant. Judgement for the claimant on basis that neither form of prescription could be be based upon activity contrary to the criminal law.
590 ## - LOCAL NOTE (RLIN)
Local note WB
650 ## - SUBJECT ADDED ENTRY--TOPICAL TERM
Topical term or geographic name entry element VEHICLE ACCESS
650 ## - SUBJECT ADDED ENTRY--TOPICAL TERM
Topical term or geographic name entry element COMMON LAND
650 ## - SUBJECT ADDED ENTRY--TOPICAL TERM
Topical term or geographic name entry element LOST MODERN GRANT
650 ## - SUBJECT ADDED ENTRY--TOPICAL TERM
Topical term or geographic name entry element PRESCRIPTION ACT 1837
650 ## - SUBJECT ADDED ENTRY--TOPICAL TERM
Topical term or geographic name entry element BAKEWELL MANAGEMENT LTD V BRANDWOOD AND OTHERS
650 ## - SUBJECT ADDED ENTRY--TOPICAL TERM
Topical term or geographic name entry element LAW OF PROPERTY ACT 1925 S193
690 ## - LOCAL SUBJECT ADDED ENTRY--TOPICAL TERM (OCLC, RLIN)
Topical term or geographic name as entry element PROPERTY AND LAND LAW-CASE LAW
942 ## - ADDED ENTRY ELEMENTS (KOHA)
Suppress in OPAC 0
Holdings
Withdrawn status Lost status Source of classification or shelving scheme Damaged status Not for loan Home library Current library Shelving location Date acquired Total Checkouts Barcode Date last seen Copy number Price effective from Koha item type
    Dewey Decimal Classification     London London News article 11/04/2002   117440-1001 06/08/2019 1 06/08/2019 Law report